Seguro Social

Shranjeno v:
Bibliografske podrobnosti
Glavni avtor: Núñez, Francisco María
Format: Texto
Izdano: San José: Imprenta Borrasé
Oznake: Označite
Brez oznak, prvi označite!

MARC

LEADER 00000 a a2200000 04500
001 16549
003
040
090 |a 012200  
100 |a Núñez, Francisco María  
245 |a Seguro Social  
260 |a San José:   |b Imprenta Borrasé  
300 |a 32 p.  
999 |c 12578  |d 12578